00726nam a2200241 a 4500001001300000003000900013005001700022008004100039020002300080082001800103100001800121245005200139260005400191300000900245500003500254505001000289650001600299700001800315902000800333942000700341952011900348999001700467nice12345678IN_TiNIC20260116014205.0050524s2004 newa grp 000 0 eng  a8174350 c13500a340.59bKHA10 aKhassaf, Imam aAdab Al-Qadi, Islamic Legal and Judicial System aNew Delhi bAdam Publisher and Distributer c2004 a223p aincludes index and biblioraphy2 aIndex aIslamic-Law1 aKhassaf, Imam bSRS cBK 001040708StackRoom-aHMIbHMId2007-05-03g135.00l0o340.59 KHA10p021053r2007-05-03v135.00w2005-05-24yBK c14255d14255